| 000 | 00396nam a22001457a 4500 | ||
|---|---|---|---|
| 082 | _aP-734 | ||
| 100 |
_aCapt Bilal Asghar _951202 |
||
| 245 | _aArchitectural and Structural Design of 4 Story Apartment Using Bim | ||
| 260 |
_aRisalpur, _bMCE, _c2017. |
||
| 300 | _a65P. | ||
| 526 |
_a0 _b0 _c0 _dP_734 |
||
| 650 |
_aStructure _bsyn#2 _951203 |
||
| 700 |
_aMaj Dr Rizwan _950970 |
||
| 942 |
_2ddc _cBK |
||
| 999 |
_c553956 _d553956 |
||